[Event "SR 2. liga A 2016/2017"]
[Site "?"]
[Date "2018.03.18"]
[Round "11.4"]
[White "Bednar, Jan"]
[Black "Straka, Jozef"]
[Result "1/2-1/2"]
[WhiteElo "2015"]
[BlackElo "2293"]
[PlyCount "42"]
[EventDate "2017.??.??"]
[WhiteTeam "SK Doprastav Bratislava B"]
[BlackTeam "SK Nafta Gbely"]

1. e4 g6 2. d4 Bg7 3. Nc3 c6 4. Nf3 d6 5. Be2 Nf6 6. O-O O-O 7. h3 Qc7 8. Be3
b5 9. a3 a6 10. Qd2 Rd8 11. Rfd1 Bb7 12. Bh6 Nbd7 13. Bxg7 Kxg7 14. Qe3 e5 15.
dxe5 dxe5 16. Rd2 c5 17. Rad1 Re8 18. Bxb5 axb5 19. Nxb5 Qc6 20. Nd6 Rf8 21.
Qg5 Ra4 1/2-1/2

[Event "SR 2. liga A 2016/2017"]
[Site "?"]
[Date "2018.03.18"]
[Round "11.4"]
[White "Sosovicka, Jakub"]
[Black "Pribila, Gerhard"]
[Result "1-0"]
[WhiteElo "2094"]
[BlackElo "2137"]
[PlyCount "49"]
[EventDate "2017.??.??"]
[WhiteTeam "SK Doprastav Bratislava B"]
[BlackTeam "SK Nafta Gbely"]

1. e4 c5 2. Nf3 e6 3. d4 cxd4 4. Nxd4 a6 5. Nc3 b5 6. Bd3 Bb7 7. O-O d6 8. Re1
Nd7 9. Qe2 Ngf6 10. Bg5 Be7 11. a4 b4 12. Nd5 Nxd5 13. exd5 Bxd5 14. Bxe7 Qxe7
15. Nf5 Qf6 16. Nxd6+ Ke7 17. Nf5+ Kf8 18. Be4 Nb6 19. Rad1 Bxe4 20. Qxe4 Nd5
21. Rxd5 exf5 22. Rxf5 Qd8 23. Qxb4+ Kg8 24. Qb7 Qf8 25. Rxf7 1-0

[Event "SR 2. liga A 2016/2017"]
[Site "?"]
[Date "2018.03.18"]
[Round "11.4"]
[White "Travnicek, Petr"]
[Black "Gzib, David"]
[Result "0-1"]
[WhiteElo "2140"]
[BlackElo "1882"]
[PlyCount "106"]
[EventDate "2017.??.??"]
[WhiteTeam "SK Nafta Gbely"]
[BlackTeam "SK Doprastav Bratislava B"]

1. d4 Nf6 2. c4 g6 3. Nc3 Bg7 4. e4 d6 5. f3 O-O 6. Be3 e5 7. d5 Nbd7 8. Bd3 b6
9. Nge2 a5 10. Qd2 Nc5 11. Bc2 Ne8 12. O-O-O f5 13. exf5 Bxf5 14. Ne4 Qd7 15.
N2c3 Nf6 16. h4 Bxe4 17. Nxe4 Ncxe4 18. Bxe4 Nxe4 19. fxe4 Qg4 20. Qc2 h5 21.
Rde1 Kh7 22. b3 Bh6 23. Bxh6 Kxh6 24. Qe2 Qxe2 25. Rxe2 Rf4 26. g3 Rf3 27. Rg1
a4 28. Kb2 axb3 29. axb3 Raf8 30. Kc2 g5 31. Reg2 g4 32. Re1 Ra8 33. Kb2 Kg6
34. Ree2 Raf8 35. Ka3 Rd3 36. Ka4 Ra8+ 37. Kb4 Rf8 38. Ka4 Ra8+ 39. Kb4 Rf8 40.
Ka4 Rff3 41. b4 Kf7 42. Kb5 Ke7 43. Ra2 Rxg3 44. Rxg3 Rxg3 45. Ra8 Rh3 46. Rh8
Rxh4 47. Kc6 g3 48. Kxc7 g2 49. Rh7+ Kf6 50. Rh6+ Kg7 51. Rxd6 Rxe4 52. Rc6
g1=Q 53. d6 Rd4 0-1

[Event "SR 2. liga A 2016/2017"]
[Site "?"]
[Date "2018.03.18"]
[Round "11.4"]
[White "Henc, Marian"]
[Black "Danada, Ondrej"]
[Result "1-0"]
[WhiteElo "1915"]
[BlackElo "1855"]
[PlyCount "77"]
[EventDate "2017.??.??"]
[WhiteTeam "SK Doprastav Bratislava B"]
[BlackTeam "SK Nafta Gbely"]

1. c4 e5 2. d3 Nc6 3. Nc3 Nf6 4. g3 d5 5. Bg2 dxc4 6. Bxc6+ bxc6 7. dxc4 Qxd1+
8. Nxd1 Be6 9. Ne3 O-O-O 10. Nf3 e4 11. Ng5 Bb4+ 12. Kf1 Rd4 13. Nxe6 fxe6 14.
b3 Bc3 15. Rb1 Rhd8 16. Kg2 Bd2 17. Nc2 R4d7 18. Rd1 Ng4 19. h3 Ne5 20. Kf1 Bc3
21. Rxd7 Rxd7 22. Be3 a6 23. Ne1 a5 24. Ng2 a4 25. Nf4 Rd6 26. c5 g5 27. cxd6
gxf4 28. gxf4 Ng6 29. Rc1 Bb4 30. dxc7 Kxc7 31. Rc4 c5 32. bxa4 Kd6 33. a5 Bxa5
34. Rxc5 Bb6 35. Rh5 Bxe3 36. fxe3 e5 37. f5 Nf8 38. Rh6+ Ke7 39. a4 1-0

[Event "SR 2. liga A 2016/2017"]
[Site "?"]
[Date "2018.03.18"]
[Round "11.4"]
[White "Brunovsky, Peter"]
[Black "Tomanek, Rafael"]
[Result "1-0"]
[WhiteElo "1835"]
[BlackElo "1934"]
[PlyCount "167"]
[EventDate "2017.??.??"]
[WhiteTeam "SK Nafta Gbely"]
[BlackTeam "SK Doprastav Bratislava B"]

1. c4 c6 2. g3 Nf6 3. Bg2 d5 4. d4 Bf5 5. Nf3 e6 6. O-O Nbd7 7. b3 h6 8. Bb2
Bd6 9. Nbd2 O-O 10. h3 Ne4 11. Nxe4 Bxe4 12. Nd2 Bxg2 13. Kxg2 f5 14. e3 Qf6
15. f4 Qg6 16. Kh2 Nf6 17. Rg1 h5 18. Qe2 Qh6 19. Rg2 Kh8 20. Nf3 Ne4 21. Nd2
Nxd2 22. Qxd2 g5 23. h4 gxh4 24. gxh4 Rg8 25. Rxg8+ Rxg8 26. Rg1 Rg4 27. Rxg4
hxg4 28. Kg3 Be7 29. Qh2 Kh7 30. c5 Kg6 31. h5+ Qxh5 32. Qxh5+ Kxh5 33. Kg2 Bh4
34. Bc3 Kg6 35. a4 Kf7 36. a5 Ke8 37. b4 Kd7 38. Bd2 Kc8 39. Bc3 Bd8 40. Kf1 b6
41. a6 Bc7 42. Kg2 Kd7 43. Kg3 Ke8 44. Kg2 Kf7 45. Be1 Kg6 46. Kg3 Kh5 47. Bc3
Bd8 48. Kg2 b5 49. Bd2 Bh4 50. Bc3 g3 51. Kf3 g2 52. Kxg2 Kg4 53. Bd2 Bg3 54.
Bc3 Bh4 55. Bd2 Bg3 56. Bc3 Bxf4 57. exf4 Kxf4 58. Kf2 Ke4 59. Ke2 f4 60. Bb2
f3+ 61. Kf2 Kd3 62. Kxf3 Kc4 63. Ke2 Kb3 64. Bc1 Kxb4 65. Bd2+ Kb3 66. Kd3 b4
67. Bc1 Ka4 68. Kc2 Ka5 69. Kb3 Kb5 70. Bf4 Ka5 71. Bc7+ Kxa6 72. Kxb4 Kb7 73.
Bd6 Ka6 74. Ka4 Kb7 75. Ka5 a6 76. Be7 Ka7 77. Bd8 Kb7 78. Bb6 Kc8 79. Kxa6 e5
80. Ba5 exd4 81. Kb6 Kd7 82. Bd2 d3 83. Be3 d4 84. Bd2 1-0

[Event "SR 2. liga A 2016/2017"]
[Site "?"]
[Date "2018.03.18"]
[Round "11.4"]
[White "Novak, Stanislav"]
[Black "Kubis, Ivan"]
[Result "1-0"]
[WhiteElo "1939"]
[BlackElo "1932"]
[PlyCount "91"]
[EventDate "2017.??.??"]
[WhiteTeam "SK Doprastav Bratislava B"]
[BlackTeam "SK Nafta Gbely"]

1. e4 e5 2. Nf3 Nc6 3. Bc4 Nf6 4. d3 d6 5. h3 Be7 6. a3 O-O 7. Nc3 h6 8. Be3
Be6 9. Nd5 Qd7 10. Nxe7+ Nxe7 11. Bxe6 Qxe6 12. c4 c6 13. O-O d5 14. exd5 cxd5
15. Bc5 Rfe8 16. Bxe7 Rxe7 17. Re1 dxc4 18. Rxe5 Qd6 19. Rxe7 Qxe7 20. dxc4 Rd8
21. Qc2 Qd6 22. Re1 Nh5 23. Qe4 Nf4 24. Qe5 g5 25. Qxd6 Rxd6 26. Re7 Rb6 27. b4
Kf8 28. Rc7 Ne6 29. Rd7 Ke8 30. Rd5 Ra6 31. Rd3 Nf4 32. Re3+ Kf8 33. c5 Ra4 34.
Ne5 Nd5 35. Rd3 Nf4 36. Rd7 f6 37. Nc4 b5 38. c6 Ne6 39. Nd6 Rxa3 40. Rf7+ Kg8
41. Re7 Rc3 42. Rxe6 Rxc6 43. Rxf6 a5 44. bxa5 b4 45. Ne4 Rc4 46. f3 1-0

[Event "SR 2. liga A 2016/2017"]
[Site "?"]
[Date "2018.03.18"]
[Round "11.5"]
[White "Kostolansky, Sebastian Lukas"]
[Black "Biro, Karol"]
[Result "1-0"]
[WhiteElo "2229"]
[BlackElo "2059"]
[PlyCount "67"]
[EventDate "2017.??.??"]
[WhiteTeam "SK Slovan Bratislava E"]
[BlackTeam "SK Krasnany"]

1. e4 e6 2. d4 d5 3. Nd2 Nf6 4. e5 Ng8 5. Bd3 c5 6. c3 Bd7 7. Ne2 Nc6 8. f4
cxd4 9. cxd4 Nb4 10. Bb1 Bb5 11. Nf3 Nh6 12. O-O Be7 13. Re1 O-O 14. a3 Bxe2
15. Qxe2 Nc6 16. Be3 g6 17. h3 Nf5 18. Bf2 Qd7 19. Bd3 Ng7 20. Rac1 Rac8 21. g4
a6 22. Be3 Na5 23. b4 Rxc1 24. Rxc1 Nc6 25. h4 Rc8 26. h5 gxh5 27. gxh5 Nf5 28.
Kf2 Kh8 29. Rg1 Na7 30. Qf1 Qa4 31. Bxf5 exf5 32. Qg2 Bh4+ 33. Ke2 Qb5+ 34. Kd2
1-0

[Event "SR 2. liga A 2016/2017"]
[Site "?"]
[Date "2018.03.18"]
[Round "11.5"]
[White "Janos, Ivan"]
[Black "Jancovic, Peter"]
[Result "0-1"]
[WhiteElo "2096"]
[BlackElo "2278"]
[PlyCount "54"]
[EventDate "2017.??.??"]
[WhiteTeam "SK Krasnany"]
[BlackTeam "SK Slovan Bratislava E"]

1. e4 c5 2. Nf3 d6 3. d4 cxd4 4. Nxd4 Nf6 5. Nc3 a6 6. Be3 e6 7. h3 Be7 8. g4
b5 9. Bg2 Bb7 10. g5 Nfd7 11. f4 b4 12. Nce2 Nb6 13. b3 N8d7 14. Qd2 d5 15. f5
e5 16. f6 gxf6 17. Nf5 d4 18. Bxd4 exd4 19. Nexd4 Bf8 20. e5 Bxg2 21. Qxg2 fxe5
22. Nc6 Qc7 23. O-O-O Rc8 24. Nfd4 Bc5 25. g6 hxg6 26. Qg5 Rh5 27. Qe3 Qxc6 0-1

[Event "SR 2. liga A 2016/2017"]
[Site "?"]
[Date "2018.03.18"]
[Round "11.5"]
[White "Privara, Igor"]
[Black "Povysil, Peter"]
[Result "1-0"]
[WhiteElo "2210"]
[BlackElo "1976"]
[PlyCount "69"]
[EventDate "2017.??.??"]
[WhiteTeam "SK Slovan Bratislava E"]
[BlackTeam "SK Krasnany"]

1. e4 e6 2. d4 d5 3. e5 c5 4. c3 Nc6 5. Nf3 f6 6. Bd3 fxe5 7. dxe5 c4 8. Bc2
Bc5 9. O-O Bd7 10. Re1 Qb6 11. Qe2 O-O-O 12. b3 d4 13. bxc4 Nge7 14. cxd4 Nxd4
15. Nxd4 Bxd4 16. Be3 Bc6 17. Nc3 Qb4 18. Bxd4 Rxd4 19. Nb5 Bxb5 20. cxb5 Rhd8
21. Rab1 Qa5 22. Bb3 Nd5 23. Bxd5 R4xd5 24. Qg4 Qb6 25. Qxg7 Rd2 26. Qf7 Rxa2
27. Rbc1+ Kb8 28. Red1 Rc2 29. h3 Rdc8 30. Rb1 Qc5 31. Rd7 Qb6 32. Rd6 R2c6 33.
Qxe6 Rc1+ 34. Rxc1 Rxc1+ 35. Kh2 1-0

[Event "SR 2. liga A 2016/2017"]
[Site "?"]
[Date "2018.03.18"]
[Round "11.5"]
[White "Mandak, Miroslav"]
[Black "Turna, Stefan"]
[Result "1/2-1/2"]
[WhiteElo "1962"]
[BlackElo "2190"]
[PlyCount "78"]
[EventDate "2017.??.??"]
[WhiteTeam "SK Krasnany"]
[BlackTeam "SK Slovan Bratislava E"]

1. e4 c5 2. Nc3 d6 3. Nge2 Nf6 4. g3 g6 5. Bg2 Bg7 6. O-O Nc6 7. Nd5 O-O 8. d3
Bg4 9. h3 Bxe2 10. Qxe2 Nd4 11. Nxf6+ Bxf6 12. Qd1 {(=)} e5 13. Be3 Ne6 14. c3
Rb8 15. a4 b6 16. Qd2 a5 17. Bf3 Bg5 18. Bg2 Bxe3 19. Qxe3 b5 20. axb5 Rxb5 21.
Ra2 Qb6 22. Qd2 Rb8 23. Rb1 Qc7 24. Bf1 R5b7 25. h4 Kg7 26. Bh3 Nd8 27. Bf1 Nc6
28. Be2 Qe7 29. Kh2 Qe6 30. Ra3 f5 31. Bf3 fxe4 32. Bxe4 d5 33. Bg2 Rf7 34.
Raa1 Rbf8 35. Rf1 Qd6 36. Kg1 Rb8 37. Rfb1 Rd8 38. Qe2 Re7 39. Re1 Rb8 1/2-1/2

[Event "SR 2. liga A 2016/2017"]
[Site "?"]
[Date "2018.03.18"]
[Round "11.5"]
[White "Nestorenko, Dmitry"]
[Black "Kebis, Milos"]
[Result "1-0"]
[WhiteElo "2228"]
[BlackElo "1819"]
[PlyCount "77"]
[EventDate "2017.??.??"]
[WhiteTeam "SK Slovan Bratislava E"]
[BlackTeam "SK Krasnany"]

1. e4 c6 2. c4 d6 3. d4 Nf6 4. Nc3 Nbd7 5. f4 e5 6. Nf3 exd4 7. Nxd4 Nc5 8. Bd3
Be7 9. b4 Nxd3+ 10. Qxd3 O-O 11. O-O d5 12. cxd5 cxd5 13. e5 Ne4 14. a3 a5 15.
Rb1 axb4 16. axb4 Nxc3 17. Qxc3 Bd7 18. Be3 Rc8 19. Qb3 Rc4 20. Rfc1 b5 21.
Rxc4 dxc4 22. Qc3 Qa8 23. f5 Qe4 24. Re1 Bc6 25. Nxc6 Qxc6 26. f6 gxf6 27. Bh6
fxe5 28. Bxf8 Bxf8 29. Rxe5 f6 30. Rf5 Kf7 31. Qh3 Qe4 32. Qxh7+ Ke8 33. Qg6+
Kd7 34. Qxf6 Bxb4 35. Qf7+ Be7 36. Rxb5 Qe3+ 37. Qf2 Qc1+ 38. Qf1 Qe3+ 39. Kh1
1-0

[Event "SR 2. liga A 2016/2017"]
[Site "?"]
[Date "2018.03.18"]
[Round "11.5"]
[White "Zacik, Anton"]
[Black "Hacik, Radomir"]
[Result "1/2-1/2"]
[WhiteElo "1902"]
[BlackElo "2128"]
[PlyCount "43"]
[EventDate "2017.??.??"]
[WhiteTeam "SK Krasnany"]
[BlackTeam "SK Slovan Bratislava E"]

1. e4 d6 2. d4 Nf6 3. Nc3 g6 4. Be3 c6 5. h3 b5 6. e5 dxe5 7. dxe5 Qxd1+ 8.
Rxd1 b4 9. exf6 bxc3 10. fxe7 Bg7 11. b3 Kxe7 12. Bc5+ Ke8 13. Nf3 Be6 14. Be2
Nd7 15. Bd6 Nb6 16. O-O Nd5 17. Bc4 a5 18. Ng5 Kd7 19. Bg3 a4 20. Nxe6 fxe6 21.
b4 Rhe8 22. b5 1/2-1/2

[Event "SR 2. liga A 2016/2017"]
[Site "?"]
[Date "2018.03.18"]
[Round "11.5"]
[White "Zetocha, Adrian"]
[Black "Mikulasek, Viktor"]
[Result "1/2-1/2"]
[WhiteElo "2137"]
[BlackElo "1808"]
[PlyCount "35"]
[EventDate "2017.??.??"]
[WhiteTeam "SK Slovan Bratislava E"]
[BlackTeam "SK Krasnany"]

1. d4 Nf6 2. c4 g6 3. Nc3 Bg7 4. Nf3 d6 5. Bg5 h6 6. Bh4 g5 7. Bg3 Nh5 8. e3
Nxg3 9. hxg3 Bg4 10. Qb3 Bc8 11. Bd3 Nd7 12. Ne4 c5 13. dxc5 Nxc5 14. Nxc5 Qa5+
15. Nd2 Qxc5 16. O-O-O a6 {(=)} 17. Be4 Rb8 18. Bd5 1/2-1/2

[Event "SR 2. liga A 2016/2017"]
[Site "?"]
[Date "2018.03.18"]
[Round "11.5"]
[White "Mikudik, Ivan"]
[Black "Cambel, Vladimir"]
[Result "1-0"]
[WhiteElo "1903"]
[BlackElo "1998"]
[PlyCount "75"]
[EventDate "2017.??.??"]
[WhiteTeam "SK Krasnany"]
[BlackTeam "SK Slovan Bratislava E"]

1. d4 d5 2. c4 c6 3. Nc3 Nf6 4. Nf3 e6 5. Bg5 dxc4 6. e4 b5 7. e5 h6 8. Bh4 g5
9. Nxg5 Nd5 10. Nf3 Qa5 11. Qd2 Bb4 12. Rc1 Nd7 13. Be2 Nf8 14. O-O Bxc3 15.
bxc3 Ng6 16. Bf6 Rg8 17. g3 Ngf4 18. Rfe1 Bb7 19. Bf1 c5 20. Nh4 Qc7 21. f3
Nxf6 22. exf6 O-O-O 23. a4 a6 24. Rb1 Ng6 25. Ng2 Qc6 26. axb5 axb5 27. Qb2
cxd4 28. cxd4 Rd5 29. Ne3 Rg5 30. Bg2 Qd7 31. f4 Nxf4 32. Nxc4 Nh3+ 33. Bxh3
bxc4 34. Rec1 Rxg3+ 35. hxg3 Rxg3+ 36. Kh2 Rxh3+ 37. Kxh3 e5+ 38. Kh2 1-0

[Event "SR 2. liga A 2016/2017"]
[Site "?"]
[Date "2018.03.18"]
[Round "11.6"]
[White "Janos, Martin"]
[Black "Federic, Jozef"]
[Result "1/2-1/2"]
[WhiteElo "2198"]
[BlackElo "2220"]
[PlyCount "91"]
[EventDate "2017.??.??"]
[WhiteTeam "SK Slovan Bratislava D"]
[BlackTeam "SK Modra B"]

1. f4 d5 2. c4 d4 3. e4 dxe3 4. d4 c5 5. d5 e6 6. Bxe3 exd5 7. cxd5 Nf6 8. Nc3
Bd6 9. Bb5+ Bd7 10. Be2 O-O 11. Nf3 Re8 12. Bd2 Qc7 13. O-O Bxf4 14. Ng5 Bxd2
15. Qxd2 Qe5 16. Bc4 h6 17. Nf3 Qe3+ 18. Qxe3 Rxe3 19. Rae1 Rxe1 20. Rxe1 Kf8
21. Ne5 Be8 22. d6 a6 23. a4 b6 24. Bd5 Ra7 25. Bf3 b5 26. a5 c4 27. Kf2 Nfd7
28. Nc6 Nxc6 29. Bxc6 Ne5 30. Rxe5 Bxc6 31. Rc5 Bd7 32. Nd5 Be6 33. Nb6 Rb7 34.
Re5 Ke8 35. Ke3 Rd7 36. Nxd7 Kxd7 37. Kd4 Kxd6 38. Re3 b4 39. g4 Kc6 40. Re5 g6
41. h4 Kd6 42. g5 hxg5 43. hxg5 Kc6 44. Rc5+ Kd6 45. Re5 Kc6 46. Rc5+ 1/2-1/2

[Event "SR 2. liga A 2016/2017"]
[Site "?"]
[Date "2018.03.18"]
[Round "11.6"]
[White "Mydlarik, Martin"]
[Black "Kolcak, Marek"]
[Result "1-0"]
[WhiteElo "2113"]
[BlackElo "2169"]
[PlyCount "93"]
[EventDate "2017.??.??"]
[WhiteTeam "SK Modra B"]
[BlackTeam "SK Slovan Bratislava D"]

1. Nf3 d5 2. d4 f5 3. Bf4 Nf6 4. e3 e6 5. Bd3 Bd6 6. O-O O-O 7. Nbd2 Kh8 8. Ne5
Nbd7 9. Ndf3 Ne4 10. c4 g5 11. Nxd7 Bxd7 12. Be5+ Bxe5 13. Nxe5 Be8 14. Qc2 g4
15. cxd5 exd5 16. f3 gxf3 17. Rxf3 Bh5 18. Rf4 c6 19. Raf1 Qg5 20. Bxe4 dxe4
21. Qf2 Bg6 22. Nd7 Rf7 23. Nc5 Re8 24. b4 Rg7 25. Qh4 Qxh4 26. Rxh4 b6 27. Nb3
Rd8 28. Rc1 Rd6 29. Rf4 Rf6 30. Nd2 Re6 31. Nf1 Rf7 32. Ng3 Kg7 33. h4 h5 34.
Ne2 Ref6 35. Rf2 Rf8 36. Nf4 Kh6 37. Rfc2 Be8 38. a4 a6 39. a5 bxa5 40. bxa5
Rg8 41. Rc5 Rg4 42. Rb1 Rxh4 43. Rb6 Rg4 44. Rxa6 Rg7 45. Ra8 Re7 46. a6 Rff7
47. a7 1-0

[Event "SR 2. liga A 2016/2017"]
[Site "?"]
[Date "2018.03.18"]
[Round "11.6"]
[White "Ac, Michal"]
[Black "Bochnicka, Vladimir"]
[Result "1-0"]
[WhiteElo "2163"]
[BlackElo "2100"]
[PlyCount "75"]
[EventDate "2017.??.??"]
[WhiteTeam "SK Slovan Bratislava D"]
[BlackTeam "SK Modra B"]

1. d4 d5 2. c4 e6 3. Nc3 Nf6 4. Bg5 Be7 5. e3 Nbd7 6. Nf3 O-O 7. cxd5 exd5 8.
Qc2 c6 9. Bd3 Re8 10. O-O Nf8 11. Rab1 g6 12. h3 Ne6 13. Bh6 Ng7 14. g4 Bd6 15.
b4 a6 16. a4 Qe7 17. b5 axb5 18. axb5 Ne4 19. Bxe4 dxe4 20. Ng5 f5 21. f3 Ne6
22. h4 Nxg5 23. Bxg5 Qe6 24. gxf5 gxf5 25. fxe4 fxe4 26. bxc6 bxc6 27. Rf6 Qg4+
28. Qg2 Qxg2+ 29. Kxg2 Re6 30. Nxe4 Bf8 31. Nc3 Ra3 32. Nd1 Rxf6 33. Bxf6 Bf5
34. Rb8 Kf7 35. Be5 Be4+ 36. Kg3 Bh6 37. Bf4 Bf8 38. Rxf8+ 1-0

[Event "SR 2. liga A 2016/2017"]
[Site "?"]
[Date "2018.03.18"]
[Round "11.6"]
[White "Bochnicka, Vladimir ml"]
[Black "Tepper, Frantisek"]
[Result "1/2-1/2"]
[WhiteElo "2024"]
[BlackElo "2047"]
[PlyCount "40"]
[EventDate "2017.??.??"]
[WhiteTeam "SK Modra B"]
[BlackTeam "SK Slovan Bratislava D"]

1. e4 Nc6 2. d4 e5 3. d5 Nce7 4. Nf3 Ng6 5. c4 Nf6 6. Nc3 Bc5 7. Be2 d6 8. b4
Bb6 9. Bb2 O-O 10. O-O Qe7 11. Nd2 Bd4 12. Qc2 Nf4 13. Nb3 Ng4 14. Nd1 Qh4 15.
Bxg4 Qxg4 16. Ne3 Bxe3 17. fxe3 Nh3+ 18. Kh1 Ng5 19. Nd2 Bd7 20. c5 Rac8
1/2-1/2

[Event "SR 2. liga A 2016/2017"]
[Site "?"]
[Date "2018.03.18"]
[Round "11.6"]
[White "Mikulas, Dusan"]
[Black "Sobek, Michal"]
[Result "0-1"]
[WhiteElo "2039"]
[BlackElo "1969"]
[PlyCount "52"]
[EventDate "2017.??.??"]
[WhiteTeam "SK Slovan Bratislava D"]
[BlackTeam "SK Modra B"]

1. e4 c5 2. Nf3 Nc6 3. d4 cxd4 4. Nxd4 g6 5. Nc3 Bg7 6. Be3 Nf6 7. Nb3 a5 8. a4
O-O 9. Be2 d5 10. exd5 Nb4 11. Bf3 Bf5 12. Nd4 Nfxd5 13. Nxd5 Bxd4 14. Bxd4
Nxc2+ 15. Ke2 Nxa1 16. Qxa1 Be6 17. Bb6 Qd6 18. Qa3 Bxd5 19. Qxd6 Bxf3+ 20.
Kxf3 exd6 21. Rd1 Rfe8 22. Rxd6 Re6 23. Rxe6 fxe6 24. Ke4 Ra6 25. Bc7 Kf7 26.
Be5 Rc6 0-1

[Event "SR 2. liga A 2016/2017"]
[Site "?"]
[Date "2018.03.18"]
[Round "11.6"]
[White "Sandor, Martin"]
[Black "Kolman, Richard"]
[Result "0-1"]
[WhiteElo "1970"]
[BlackElo "1991"]
[PlyCount "64"]
[EventDate "2017.??.??"]
[WhiteTeam "SK Modra B"]
[BlackTeam "SK Slovan Bratislava D"]

1. e4 d6 2. d4 Nf6 3. Nc3 c6 4. a4 Qa5 5. Bd3 e5 6. dxe5 dxe5 7. Nf3 Bg4 8. h3
Bh5 9. O-O Nbd7 10. Bd2 Bb4 11. Qe2 O-O 12. Nb1 Bxf3 13. gxf3 Bxd2 14. Nxd2 Nh5
15. Nc4 Qd8 16. Rfd1 Nf4 17. Qf1 Qh4 18. Kh2 Nc5 19. Ne3 Nce6 20. Nf5 Qh5 21.
Ng3 Qg6 22. Nf5 Qh5 23. Ng3 Qxf3 24. Ra3 Nxd3 25. Raxd3 Qf4 26. Kg2 Qh4 27. Kh2
Nc5 28. Re3 Rad8 29. b3 Rxd1 30. Qxd1 Rd8 31. Qe1 Ne6 32. Ne2 Rd1 0-1

[Event "SR 2. liga A 2016/2017"]
[Site "?"]
[Date "2018.03.18"]
[Round "11.6"]
[White "Kuna, Vladimir"]
[Black "Antol, Ladislav"]
[Result "1/2-1/2"]
[WhiteElo "1979"]
[BlackElo "1982"]
[PlyCount "39"]
[EventDate "2017.??.??"]
[WhiteTeam "SK Slovan Bratislava D"]
[BlackTeam "SK Modra B"]

1. d4 Nf6 2. Nf3 g6 3. c4 Bg7 4. Nc3 O-O 5. Bg5 d6 6. h3 c6 7. e3 Qc7 8. Be2 e5
9. O-O Re8 10. dxe5 dxe5 11. e4 Na6 12. a3 Nc5 13. Qc2 Ne6 14. Be3 Nh5 15. c5
Nd4 16. Bxd4 exd4 17. Na2 Qf4 18. Rad1 Rxe4 19. Nc1 Re8 20. Nd3 1/2-1/2

[Event "SR 2. liga A 2016/2017"]
[Site "?"]
[Date "2018.03.18"]
[Round "11.6"]
[White "Horvath, Marek"]
[Black "Sturc, Gustav"]
[Result "1/2-1/2"]
[WhiteElo "1817"]
[BlackElo "2000"]
[PlyCount "51"]
[EventDate "2017.??.??"]
[WhiteTeam "SK Modra B"]
[BlackTeam "SK Slovan Bratislava D"]

1. e4 e5 2. Nf3 Nc6 3. d4 exd4 4. Nxd4 Bc5 5. Be3 Qf6 6. c3 Qg6 7. Qf3 Nge7 8.
Nd2 Ne5 9. Qg3 d6 10. f4 Qxg3+ 11. hxg3 Ng4 12. Bg1 Bd7 13. Be2 O-O-O 14. O-O-O
Bb6 15. Nc4 Nc6 16. Nxb6+ axb6 17. Bc4 Rdf8 18. Nf3 h6 19. Rd2 Nf6 20. Re2 Na5
21. Bd3 Re8 22. e5 dxe5 23. Nxe5 Be6 24. b3 Nc6 25. Nxc6 bxc6 26. Bd4 1/2-1/2

[Event "SR 3. liga A2 2017/2018"]
[Site "?"]
[Date "2017.10.08"]
[Round "1.1"]
[White "Takacs, Laszlo"]
[Black "Sosna, Jan"]
[Result "0-1"]
[WhiteElo "2240"]
[BlackElo "2327"]
[PlyCount "108"]
[EventDate "2017.??.??"]

1. e4 e5 2. Nf3 Nc6 3. Bb5 Nf6 4. O-O Nxe4 5. d4 Nd6 6. Bxc6 dxc6 7. dxe5 Nf5
8. Qxd8+ Kxd8 9. b3 Ke8 10. Bb2 Be6 11. c4 Rd8 12. Nc3 h5 13. Ne4 Be7 14. Rad1
h4 15. h3 b6 16. Nc3 Rg8 17. Ne2 g5 18. Nh2 a6 19. Rfe1 Bb4 20. Rf1 b5 21. Ng4
bxc4 22. Nf6+ Ke7 23. Nxg8+ Rxg8 24. a3 Bc5 25. b4 Bb6 26. Nd4 Nxd4 27. Bxd4
Bd5 28. f3 Ke6 29. Rfe1 a5 30. Bxb6 cxb6 31. bxa5 b5 32. Re3 Ra8 33. Kf2 Rxa5
34. g3 hxg3+ 35. Kxg3 Ra8 36. Kg4 c5 37. Rb1 Rb8 38. Kxg5 b4 39. axb4 cxb4 40.
h4 c3 41. Rc1 Rg8+ 42. Kf4 Rc8 43. Ree1 b3 44. h5 b2 45. h6 bxc1=Q+ 46. Rxc1 c2
47. h7 Bb3 48. Kg5 Rh8 49. Kh6 Kxe5 50. Kg7 Rxh7+ 51. Kxh7 Kd4 52. Kg7 Kc3 53.
Rh1 Kb2 54. Rh2 Kb1 0-1

[Event "SR 3. liga A2 2017/2018"]
[Site "?"]
[Date "2017.10.08"]
[Round "1.1"]
[White "Kapusta, Petr"]
[Black "Cibulka, Vladimir"]
[Result "1-0"]
[WhiteElo "2115"]
[BlackElo "2160"]
[PlyCount "135"]
[EventDate "2017.??.??"]

1. e4 e6 2. d4 d5 3. Nd2 a6 4. Bd3 c5 5. c3 cxd4 6. cxd4 Nc6 7. Ne2 dxe4 8.
Nxe4 Nf6 9. Nxf6+ Qxf6 10. O-O Bd6 11. Be3 O-O 12. Nc3 Qd8 13. Qh5 g6 14. Qh6
f5 15. Rad1 Qf6 16. d5 Ne5 17. Be2 Nf7 18. Qh3 e5 19. f4 exf4 20. Bd4 Be5 21.
Rxf4 Bxd4+ 22. Rfxd4 Nd6 23. Qh6 Bd7 24. Bf3 Rae8 25. Ne2 g5 26. Qxf6 Rxf6 27.
Bh5 Re7 28. h3 Kg7 29. Ng3 f4 30. Nf1 Bb5 31. Nh2 Rf8 32. Bg4 Rfe8 33. Be6 Rc7
34. R4d2 h5 35. Nf3 Kf6 36. Nd4 Bd7 37. Bxd7 Rxd7 38. Ne6 Ne4 39. Rd4 Ng3 40.
Kf2 Nf5 41. R4d2 Ne3 42. Nc5 Nxd1+ 43. Rxd1 Rc7 44. b4 b6 45. d6 Ra7 46. d7 Rd8
47. Rd6+ Kf5 48. Rxb6 Raxd7 49. Nxd7 Rxd7 50. Rxa6 Rd2+ 51. Kf1 g4 52. Ra5+ Ke4
53. Ra3 g3 54. Rb3 Rf2+ 55. Kg1 Rxa2 56. Rb1 Ra6 57. b5 Rb6 58. Kf1 h4 59. Ke2
Ke5 60. Kf3 Kf5 61. Rb4 Kg5 62. Ke4 Re6+ 63. Kd5 Re8 64. b6 Rb8 65. b7 f3 66.
gxf3 g2 67. Rg4+ Kf5 68. Kc6 1-0

[Event "SR 3. liga A2 2017/2018"]
[Site "?"]
[Date "2017.10.08"]
[Round "1.1"]
[White "Rachela, Jozef"]
[Black "Koutny, Petr"]
[Result "0-1"]
[WhiteElo "2034"]
[BlackElo "2169"]
[PlyCount "78"]
[EventDate "2017.??.??"]

1. d4 Nf6 2. c4 g6 3. g3 c6 4. Bg2 d5 5. cxd5 cxd5 6. Nf3 Bg7 7. Nc3 O-O 8. O-O
Ne4 9. Qb3 Nxc3 10. Qxc3 Nc6 11. Bf4 Bf5 12. Rac1 Qb6 13. e3 Rac8 14. Qa3 Qb4
15. Rc3 Qxa3 16. Rxa3 f6 17. Nd2 Rfd8 18. h3 e5 19. dxe5 fxe5 20. Bg5 Rd7 21.
e4 h6 22. exf5 hxg5 23. fxg6 e4 24. Rd1 Rcd8 25. Rb3 Bd4 26. Nf1 Bb6 27. Ne3
Kg7 28. Rb5 Bxe3 29. fxe3 Ne7 30. h4 g4 31. Bf1 Nf5 32. Kf2 Rf8 33. Ke2 Nxg3+
34. Kd2 Nxf1+ 35. Ke2 Ng3+ 36. Kd2 Rc7 37. Rg1 Rf2+ 38. Kd1 Nf5 39. Rb3 g3 0-1

[Event "SR 3. liga A2 2017/2018"]
[Site "?"]
[Date "2017.10.08"]
[Round "1.1"]
[White "Kucharek, Jaroslav"]
[Black "Matis, Tibor"]
[Result "0-1"]
[WhiteElo "2067"]
[BlackElo "1844"]
[PlyCount "88"]
[EventDate "2017.??.??"]

1. d4 Nf6 2. c4 c5 3. d5 e6 4. Nc3 exd5 5. cxd5 d6 6. g3 g6 7. Bg2 Bg7 8. Nf3
a6 9. a4 O-O 10. O-O Re8 11. Nd2 Qc7 12. Nc4 Nbd7 13. h3 Ne5 14. Ne3 Rb8 15. a5
g5 16. f4 gxf4 17. gxf4 Ng6 18. Qd3 Nh5 19. Nc4 Nh4 20. e4 Qe7 21. Rf2 Bd7 22.
Bd2 Bb5 23. Re1 Bxc4 24. Qxc4 b5 25. axb6 Rxb6 26. Na4 Rb5 27. Kh2 Bd4 28. Rfe2
Reb8 29. e5 Nf5 30. Bf3 Nhg3 31. Rg2 Kh8 32. Rxg3 Nxg3 33. Kxg3 Rg8+ 34. Bg4
dxe5 35. f5 h5 36. Bc3 Qg5 37. Re4 hxg4 38. hxg4 Qxf5 39. Qe2 Rb3 40. Nxc5 Bxc5
41. Rxe5 Rxc3+ 42. bxc3 Rxg4+ 43. Qxg4 Qxe5+ 44. Kh3 Qxc3+ 0-1